| 000 | 00862nam a22002415a 4500 | ||
|---|---|---|---|
| 005 | 20151011144652.0 | ||
| 008 | 150819t2014 maua frb 001 0 eng d | ||
| 020 | _a9780124167476 | ||
| 040 |
_aEG-ScBUE _beng _cEG-ScBUE |
||
| 082 | 0 | 4 |
_a621.8672 _bELL _222 |
| 100 | 1 |
_aEllenberger, J. Phillip _938388 |
|
| 245 | 1 | 4 |
_aPiping and pipeline calculations manual : _bconstruction, design, fabrication, and examination / _cJ. Phillip Ellenberger. |
| 250 | _32nd ed. | ||
| 260 |
_aWaltham ; _aOxford : _bButterworth-Heinemann / Elsevier, _cc.2014. |
||
| 300 |
_aix, 398 p. : _bill. ; _c24 cm. |
||
| 500 | _aIndex : p. 393-398. | ||
| 504 | _aBibliography : p. 391. | ||
| 650 | 0 |
_aPipelines _xDesign and construction. _2BUEsh |
|
| 650 | 7 |
_aPiping _xDesign and construction. _2BUEsh _911930 |
|
| 651 | _2BUEsh | ||
| 653 |
_bENGGEN _cAugust2015 |
||
| 942 |
_2ddc _k621.8672 ELL |
||
| 999 |
_c20628 _d20600 |
||